| 000 | 02471cam a22002174a 4500 | ||
|---|---|---|---|
| 005 | 20250605164239.0 | ||
| 008 | 250528s ||||||||||||||||||||||||d | ||
| 035 | _a21248 | ||
| 020 | _a9789609902304 | ||
| 040 |
_aGR-AtMCL _bgre _dGR-AtMCL _eAACR2 |
||
| 245 | 1 | _aΘέματα Χρηματοοικονομικής Διοίκησης | |
| 250 | _a1η | ||
| 260 | _c2011 | ||
| 300 | _a288 | ||
| 520 | _aΤο βιβλίο αυτό απευθύνεται σε Οικονομικές Διευθύνσεις Επιχειρήσεων, Σύμβουλους Επιχειρήσεων, Λογιστές, Φοιτητές και Σπουδαστές Οικονομικών Σχολών καθώς και σε αχολούμενους με τη Χρηματοοικονομική Διοίκηση. Ο Επιχειρησιακός Σχεδιασμός ως Εργαλείο Λήψης Αποφάσεων, Επιχείρηση και Εργαλεία Οικονομικής Διοίκησης, Προγραμματισμός Επιχειρήσεων: Η Λογική Προσέγγιση του Μέλλοντος της Επιχείρησης, Οδηγός Δημιουργίας Επιχειρησιακού Σχεδίου Business Plan, Προϋπολογισμός: Η Πυξίδα της Επιχείρηησης, Μορφές Χρηματοδότησης Μικρομεσαίων Επιχειρήσεων, Ανάλυση Κινδύνων Επιχειρήσεων (Risk Analysis), Το Νεκρό Σημείο της Επιχείρησης και η Χρησιμότητα του, Παραγωγικότητα και Διοίκηση με Αντικειμενικούς Σκοπούς και Σύστημα Ανταμοιβής σαν Κίνητρο Παραγωγικότητας, Ο Ισολογισμός της Επιχείρησης και η Ερμηνεία των Στοιχείων του, Χρηματοοικονομική Ανάλυση και Αξιολόγηση Ισολογισμών Επιχειρήσεων, Ρευστότητα Επιχειρήσεων: Γενική Ρευστότητα και Δείκτης και Αξιολόγηση, Κρίσιμα Σημεία Αξιολόγησης Επιχειρήσεων, Ερμηνεία - Υπολογισμός Δεικτών Ρευστότητας, Specisoft. | ||
| 700 | 1 |
_aSpecisoft _97280 |
|
| 700 | 1 |
_aΒασιλειάδης Θεοκλής _97281 |
|
| 942 | _cBK | ||
| 999 |
_c6315 _d6315 |
||